| 000 | 00802nam a22002657a 4500 | ||
|---|---|---|---|
| 005 | 20230718214217.0 | ||
| 007 | ta | ||
| 008 | 230718b |||||||| |||| 00| 0 sp d | ||
| 040 |
_aCUNOROC _bspa _cCUNOROC _dCUNOROC |
||
| 041 |
_aspa _gspa _hspa |
||
| 082 | _aUSAC 282.7281 M648 | ||
| 100 | 1 | 0 |
_aMiller, H.J. _eAutor _95805 |
| 245 | 1 | 0 |
_aIglesia Católica y el estado en Guatemala 1871-1885./ _cH.J. Miller |
| 260 |
_aGuatemala: _bEditorial Universitaria; _c1976. |
||
| 300 |
_a514 _c18 cm. |
||
| 650 |
_aIglesia _95806 |
||
| 650 |
_aEstado _95807 |
||
| 650 |
_aJusto Rufino Barrios _95808 |
||
| 650 |
_aHistoria de la iglesia católica _95809 |
||
| 650 |
_a1871-1885 _95810 |
||
| 650 |
_aReligión _95499 |
||
| 650 |
_aIglesia católica _95811 |
||
| 942 |
_2ddc _cBK _n0 |
||
| 999 |
_c1969 _d1969 |
||